Inflation Smoothing and the Modest Effect of VAT in Germany /

Increases in German core inflation following the 2007 VAT hike were smaller than expected, leading to speculation about delayed inflationary effects. This paper argues to the contrary that price increases in advance of the VAT hike explain the small increase upon implementation. We find that core in...

Description complète

Détails bibliographiques
Auteur principal: Danninger, Stephan
Autres auteurs: Carare, Alina
Format: Revue
Langue:English
Publié: Washington, D.C. : International Monetary Fund, 2008.
Collection:IMF Working Papers; Working Paper ; No. 2008/175
Accès en ligne:Full text available on IMF
LEADER 01801cas a2200253 a 4500
001 AALejournalIMF005184
008 230101c9999 xx r poo 0 0eng d
020 |c 5.00 USD 
020 |z 9781451870336 
022 |a 1018-5941 
040 |a BD-DhAAL  |c BD-DhAAL 
100 1 |a Danninger, Stephan. 
245 1 0 |a Inflation Smoothing and the Modest Effect of VAT in Germany /  |c Stephan Danninger, Alina Carare. 
264 1 |a Washington, D.C. :  |b International Monetary Fund,  |c 2008. 
300 |a 1 online resource (21 pages) 
490 1 |a IMF Working Papers 
500 |a <strong>Off-Campus Access:</strong> No User ID or Password Required 
500 |a <strong>On-Campus Access:</strong> No User ID or Password Required 
506 |a Electronic access restricted to authorized BRAC University faculty, staff and students 
520 3 |a Increases in German core inflation following the 2007 VAT hike were smaller than expected, leading to speculation about delayed inflationary effects. This paper argues to the contrary that price increases in advance of the VAT hike explain the small increase upon implementation. We find that core inflation rose by 0.36 percentage point in the run up and by a further 0.40 percentage point at the time of the VAT hike. Cumulatively, the tax hike contributed to two thirds of the increase in core inflation in 2006-07 at an estimated pass-through of 73 percent. Most of the increase in 2006 was of general nature, while about one sixth can be attributed to durable goods and items with low degree of competition. 
538 |a Mode of access: Internet 
700 1 |a Carare, Alina. 
830 0 |a IMF Working Papers; Working Paper ;  |v No. 2008/175 
856 4 0 |z Full text available on IMF  |u http://elibrary.imf.org/view/journals/001/2008/175/001.2008.issue-175-en.xml  |z IMF e-Library